Albana : EIU country report :
| Format: | Book |
|---|---|
| Published: |
London:
The Economist Intelligence Unit,
2007.
|
| Subjects: |
| LEADER | 00451cam a2200145 7i4500 | ||
|---|---|---|---|
| 001 | 0000020113 | ||
| 005 | 20080116090000.0 | ||
| 022 | 0 | 0 | |a 1366-4018 |
| 090 | 0 | 0 | |a ALBN 330.9 |b ALB |
| 245 | 0 | 0 | |a Albana : |b EIU country report : |b EIU country report : |b June 2007. |
| 260 | 0 | 0 | |a London: |b The Economist Intelligence Unit, |c 2007. |
| 300 | # | # | |a 33 p. |
| 650 | 0 | 0 | |a Albana -- |x Country report |
| 651 | 0 | 0 | |a Albana |
| 999 | |a B000020887 |b Book |c Countries |e Business Information Centre | ||